00478 a2200133 450000100060000010000150000624500680002126000280008909000170011794200230013499900190015795200840017695200840026053011 aNash W A aTheory & Problems of Strength of Materials (Schaum's out Lines) aNew YorkbMcGraw-Hillc c33330d33330 aNUST-CAEcMc25926 c288084d288084 001040708NFICaCAEbCAEd2017-04-03l0pCAE30184r2017-04-05w2017-04-05yBK 001040708NFICaCAEbCAEd2017-04-03l0pCAE30185r2017-04-05w2017-04-05yBK